| 000 | 00909nam a2200229 a 4500 | ||
|---|---|---|---|
| 999 |
_c20162 _d20162 |
||
| 005 | 20180420124216.0 | ||
| 008 | 180420s2014 ck ado||r|||| 00| 0 spa d | ||
| 020 | _a9789585848238 | ||
| 040 |
_aCO-BoIAVH _cCO-BoIAVH |
||
| 041 | 0 | _aspa | |
| 044 | _ack | ||
| 082 | 0 | 4 |
_a333.715068 _bP96b |
| 245 | 0 | 0 |
_aProyecto biocomercio Andino - Colombia. _bMemoria técnica 2011-2014 |
| 260 |
_aBogotá (Colombia) : _bProyecto Biocomercio Andino, _c2014. |
||
| 300 |
_a80 páginas : _bilustraciones a color, gráficas a color y fotografías ; _c23 x 27 cm. |
||
| 630 | 4 |
_aProyecto Biocomercio Andino - Colombia _y2011-2014 _vInformes |
|
| 650 | 2 | 6 |
_aRecursos naturales _xSostenibilidad _xComercio _zColombia |
| 650 | 2 | 6 |
_aEconomía agrícola _zColombia |
| 650 | 2 | 6 |
_aBiodiversidad _xSostenibilidad _zColombia |
| 710 | 2 | _aCorporación fondo biocomercio Colombia | |
| 942 |
_2ddc _cLIBRO |
||